[Event "Polgar Challenge 2021"]
[Site "Online"]
[Date "2021.04.04"]
[Round "17.2"]
[White "Bjerre, Jonas Buhl"]
[Black "Yoo, Christopher Woojin"]
[Result "1-0"]
[WhiteElo "2550"]
[BlackElo "2455"]
[Annotator "ChessBase"]
[PlyCount "97"]
[EventDate "2021.04.08"]
[EventType "tourn"]
[EventCountry "NET"]
[SourceTitle "playchess.com"]
[Source "ChessBase"]
[SourceQuality "1"]
[TimeControl "600+5"]

1. d4 {[%emt 0:00:00]} Nf6 {[%emt 0:00:00]} 2. c4 {[%emt 0:00:00]} b6 {[%emt 0:00:01]} 3. Nf3 {[%emt 0:00:12]} Bb7 {[%emt 0:00:04]} 4. g3 {[%emt 0:00:01]} g6 {[%emt 0:00:26]} 5. Bg2 {[%emt 0:00:15]} Bg7 {[%emt 0:00:03]} 6. O-O {[%emt 0:00:08]} O-O {[%emt 0:00:01]} 7. Nc3 {[%emt 0:00:51]} Ne4 {[%emt 0:00:04]} 8. Nxe4 {[%emt 0:00:22]} Bxe4 {[%emt 0:00:09]} 9. Bf4 {[%emt 0:00:09]} d6 {[%emt 0:00:56]} 10. Qd2 {[%emt 0:00:13]} e6 {[%emt 0:00:03]} 11. Bg5 {[%emt 0:00:36]} Qe8 {[%emt 0:02:10]} 12. Bh6 {[%emt 0:00:14]} Nd7 {[%emt 0:00:16]} 13. Qe3 {[%emt 0:00:38]} Bb7 {[%emt 0:00:14]} 14. Rfd1 {[%emt 0:00:39]} Nf6 {[%emt 0:00:43]} 15. Bxg7 {[%emt 0:00:03]} Kxg7 {[%emt 0:00:02]} 16. c5 {[%emt 0:00:24]} Qb5 {[%emt 0:00:48]} 17. a4 {[%emt 0:01:07]} Qb4 {[%emt 0:00:23]} 18. Rdc1 {[%emt 0:01:03]} Bd5 {[%emt 0:01:26]} 19. Nd2 {[%emt 0:00:42]} Bxg2 {[%emt 0:00:13]} 20. Kxg2 {[%emt 0:00:15]} Nd5 {[%emt 0:00:57]} 21. Qd3 {[%emt 0:00:03]} dxc5 {[%emt 0:00:16]} 22. Rc4 {[%emt 0:00:48]} Qxb2 {[%emt 0:00:12]} 23. Rb1 {[%emt 0:00:10]} Qa2 {[%emt 0:00:03]} 24. e4 {[%emt 0:00:26]} Nf6 {[%emt 0:00:27]} 25. d5 {[%emt 0:01:06]} exd5 {[%emt 0:00:29]} 26. exd5 {[%emt 0:00:02]} Rad8 {[%emt 0:00:12]} 27. Qc3 {[%emt 0:00:13]} Rxd5 {[%emt 0:00:10]} 28. Rb2 {[%emt 0:00:33]} Qa1 {[%emt 0:00:43]} 29. Ne4 {[%emt 0:00:01]} Rd1 {[%emt 0:00:19]} 30. Nxf6 {[%emt 0:00:34]} Rg1+ {[%emt 0:00:04]} 31. Kh3 {[%emt 0:00:04]} Kh8 {[%emt 0:00:35]} 32. Nd7+ {[%emt 0:00:11]} Kg8 {[%emt 0:00:01]} 33. Nf6+ {[%emt 0:00:11]} Kh8 {[%emt 0:00:02]} 34. Nxh7+ {[%emt 0:00:03]} f6 {[%emt 0:00:04]} 35. Nxf8 {[%emt 0:00:06]} Qf1+ {[%emt 0:00:06]} 36. Kh4 {[%emt 0:00:06]} g5+ {[%emt 0:00:12]} 37. Kh5 {[%emt 0:00:16]} Kg7 {[%emt 0:00:05]} 38. Ne6+ {[%emt 0:00:07]} Kf7 {[%emt 0:00:04]} 39. Nxg5+ {[%emt 0:00:06]} Kg7 {[%emt 0:00:04]} 40. Ne6+ {[%emt 0:00:06]} Kf7 {[%emt 0:00:01]} 41. Nf4 {[%emt 0:00:12]} Qd1+ {[%emt 0:00:05]} 42. f3 {[%emt 0:00:03]} Qd8 {[%emt 0:00:06]} 43. Kg4 {[%emt 0:00:06]} Qd7+ {[%emt 0:00:03]} 44. Kh4 {[%emt 0:00:03]} Qf5 {[%emt 0:00:01]} 45. g4 {[%emt 0:00:06]} Qg5+ {[%emt 0:00:10]} 46. Kh3 {[%emt 0:00:01]} f5 {[%emt 0:00:09]} 47. Nh5 {[%emt 0:00:03]} fxg4+ {[%emt 0:00:08]} 48. fxg4 {[%emt 0:00:01]} Rf1 {[%emt 0:00:07]} 49. Qg3 {[%emt 0:00:05]} 1-0

[Event "Polgar Challenge 2021"]
[Site "Online"]
[Date "2021.04.04"]
[Round "17.3"]
[White "Gukesh D"]
[Black "Liang, Awonder"]
[Result "1-0"]
[WhiteElo "2578"]
[BlackElo "2592"]
[Annotator "ChessBase"]
[PlyCount "119"]
[EventDate "2021.04.08"]
[EventType "tourn"]
[EventCountry "NET"]
[SourceTitle "playchess.com"]
[Source "ChessBase"]
[SourceQuality "1"]
[TimeControl "600+5"]

1. d4 {[%emt 0:00:00]} Nf6 {[%emt 0:00:00]} 2. c4 {[%emt 0:00:01]} g6 {[%emt 0:00:00]} 3. Nc3 {[%emt 0:00:01]} Bg7 {[%emt 0:00:00]} 4. e4 {[%emt 0:00:02]} d6 {[%emt 0:00:00]} 5. Nf3 {[%emt 0:00:08]} O-O {[%emt 0:00:01]} 6. Be2 {[%emt 0:00:02]} e5 {[%emt 0:00:01]} 7. O-O {[%emt 0:00:10]} Nc6 {[%emt 0:00:02]} 8. d5 {[%emt 0:00:02]} Ne7 {[%emt 0:00:01]} 9. Ne1 {[%emt 0:00:01]} Nd7 {[%emt 0:00:11]} 10. Nd3 {[%emt 0:00:02]} f5 {[%emt 0:00:04]} 11. f3 {[%emt 0:00:02]} f4 {[%emt 0:00:04]} 12. b4 {[%emt 0:00:01]} g5 {[%emt 0:00:28]} 13. c5 {[%emt 0:00:06]} Ng6 {[%emt 0:00:02]} 14. a4 {[%emt 0:00:34]} Rf7 {[%emt 0:00:05]} 15. a5 {[%emt 0:00:42]} Bf8 {[%emt 0:00:19]} 16. c6 {[%emt 0:00:37]} Nf6 {[%emt 0:00:30]} 17. b5 {[%emt 0:00:51]} h5 {[%emt 0:00:29]} 18. Nf2 {[%emt 0:00:23]} Rg7 {[%emt 0:00:26]} 19. Kh1 {[%emt 0:00:24]} Rb8 {[%emt 0:01:11]} 20. Rg1 {[%emt 0:02:43]} Nh8 {[%emt 0:00:45]} 21. g3 {[%emt 0:00:18]} Ng6 {[%emt 0:00:57]} 22. gxf4 {[%emt 0:00:54]} Nxf4 {[%emt 0:00:04]} 23. Bxf4 {[%emt 0:00:03]} exf4 {[%emt 0:00:11]} 24. Rg2 {[%emt 0:00:31]} bxc6 {[%emt 0:00:21]} 25. dxc6 {[%emt 0:00:07]} Qe7 {[%emt 0:00:59]} 26. Qd4 {[%emt 0:00:45]} Qe5 {[%emt 0:00:01]} 27. Qxa7 {[%emt 0:00:43]} Qxc3 {[%emt 0:00:02]} 28. Rag1 {[%emt 0:00:02]} Rxb5 {[%emt 0:00:03]} 29. Bxb5 {[%emt 0:00:03]} Qxf3 {[%emt 0:00:01]} 30. Qd4 {[%emt 0:00:42]} Rg6 {[%emt 0:02:23]} 31. Qd3 {[%emt 0:00:16]} Qxd3 {[%emt 0:00:43]} 32. Bxd3 {[%emt 0:00:02]} g4 {[%emt 0:00:05]} 33. e5 {[%emt 0:00:04]} f3 {[%emt 0:00:07]} 34. Bxg6 {[%emt 0:00:33]} fxg2+ {[%emt 0:00:01]} 35. Kxg2 {[%emt 0:00:09]} dxe5 {[%emt 0:00:05]} 36. Rb1 {[%emt 0:00:02]} Nd5 {[%emt 0:00:04]} 37. Rb8 {[%emt 0:00:22]} Ba6 {[%emt 0:00:04]} 38. Be4 {[%emt 0:00:12]} Nf4+ {[%emt 0:00:02]} 39. Kg1 {[%emt 0:00:03]} Kf7 {[%emt 0:00:02]} 40. Ra8 {[%emt 0:00:05]} Bb5 {[%emt 0:00:06]} 41. a6 {[%emt 0:00:10]} Bc5 {[%emt 0:00:04]} 42. a7 {[%emt 0:00:07]} Nh3+ {[%emt 0:00:12]} 43. Kg2 {[%emt 0:00:01]} Nxf2 {[%emt 0:00:47]} 44. Bd5+ {[%emt 0:00:01]} Ke7 {[%emt 0:00:07]} 45. Re8+ {[%emt 0:00:04]} Kxe8 {[%emt 0:00:01]} 46. a8=Q+ {[%emt 0:00:01]} Ke7 {[%emt 0:00:00]} 47. Qg8 {[%emt 0:00:27]} Kf6 {[%emt 0:00:04]} 48. Qf7+ {[%emt 0:00:06]} Kg5 {[%emt 0:00:02]} 49. Qg7+ {[%emt 0:00:02]} Kf5 {[%emt 0:00:05]} 50. Qxc7 {[%emt 0:00:05]} Nd3 {[%emt 0:00:05]} 51. Qf7+ {[%emt 0:00:06]} Kg5 {[%emt 0:00:01]} 52. c7 {[%emt 0:00:08]} Ba6 {[%emt 0:00:05]} 53. Qg8+ {[%emt 0:00:04]} Kf4 {[%emt 0:00:03]} 54. c8=Q {[%emt 0:00:03]} Bxc8 {[%emt 0:00:01]} 55. Qxc8 {[%emt 0:00:01]} e4 {[%emt 0:00:00]} 56. Qe6 {[%emt 0:00:10]} Ne1+ {[%emt 0:00:24]} 57. Kf1 {[%emt 0:00:01]} Nf3 {[%emt 0:00:02]} 58. Qxe4+ {[%emt 0:00:03]} Kg5 {[%emt 0:00:00]} 59. Kg2 {[%emt 0:00:04]} h4 {[%emt 0:00:09]} 60. h3 {[%emt 0:00:03]} 1-0

[Event "Polgar Challenge 2021"]
[Site "Online"]
[Date "2021.04.04"]
[Round "17.5"]
[White "Mendonca, Leon Luke"]
[Black "Salimova, Nurgyul"]
[Result "1-0"]
[WhiteElo "2549"]
[BlackElo "2397"]
[Annotator "TA"]
[PlyCount "123"]
[EventDate "2021.04.08"]
[EventType "tourn"]
[EventCountry "NET"]
[SourceTitle "playchess.com"]
[Source "ChessBase"]
[SourceQuality "1"]

{[%evp 9,123,14,58,47,59,50,58,44,44,42,45,40,50,0,4,0,18,7,14,6,11,0,9,0,0,0,0,-18,-26,-24,17,33,25,48,67,27,69,26,64,51,55,22,115,117,104,117,111,85,591,69,58,40,29,0,31,38,52,4,8,0,78,0,0,4,4,-67,0,0,66,4,51,58,91,64,114,9,26,0,126,90,177,181,443,460,416,411,442,450,504,495,645,533,717,662,628,502,485,483,476,420,720,672,616,588,1264,1221,29996,877,905,757,29976,29978,29978,29976,29976,29976]} 1. d4 Nf6 2. c4 e6 3. Nc3 d5 4. Nf3 dxc4 5. e4 b5 6. e5 {D24: Queen's Gambit Accepted: 3 Nf3 Nf6 4 Nc3.} Nd5 7. Nxb5 Nb6 8. Be2 {White is slightly better.} Be7 9. O-O Nc6 10. Be3 {10.Qd2 is more advanced technology.} Bb7 {[#]} 11. b3 $146 ({Predecessor:} 11. Rc1 Nb4 12. Bxc4 Nxc4 13. Rxc4 O-O 14. Qa4 Nd5 15. Rcc1 a5 16. Nc3 Nb6 17. Qc2 {1-0 (31) Sarana,A (2636)-Maghsoodloo,P (2671) chess.com INT 2019}) 11... cxb3 12. axb3 a6 13. Nc3 Nb4 14. Qb1 O-O 15. Rc1 N6d5 16. Ne4 Nxe3 17. fxe3 Nd5 18. Kf2 f6 19. exf6 gxf6 (19... Nxf6 {with more complications.} 20. Nxf6+ Bxf6 21. Qc2 e5 22. Qxc7 Qxc7 23. Rxc7 exd4 24. Rd1 Bd5) 20. Nc5 Bxc5 21. dxc5 Qe8 22. Ra4 Rf7 23. Rh4 Rg7 24. g3 Rd8 25. Qb2 Qf7 (25... e5 $1 $11) 26. Rd1 $16 Re8 27. e4 Ne7 {With the idea ...Ng6.} 28. Rd7 Qg6 $2 {[%mdl 8192]} (28... Qf8 $16) 29. Qd4 $2 (29. Nd4 $18 Bc8 30. c6) 29... Nc6 $14 30. Rxg7+ Qxg7 31. Qe3 Ne7 32. Nd4 Ng6 33. Rh5 Qe7 34. Bc4 {Strongly threatening c6.} Bc8 (34... Ne5 $11 {keeps the balance.} 35. Rh4 (35. Bxe6+ $2 Qxe6 {[%mdl 64] Remove Defender} 36. Nxe6 Ng4+ {[%mdl 64] Double Attack} 37. Ke2 Nxe3 $19) 35... Nxc4 36. bxc4 Qxc5) 35. Qh6 (35. Nf5 $16 Qf8 36. Nh6+ Kh8 37. Ng4) 35... Qg7 36. Qxg7+ (36. Qc1 {is more complex.} Ne5 37. Be2 Rd8 38. Nf3 Nxf3 39. Kxf3 e5 40. Bc4+) 36... Kxg7 37. Nf3 (37. Ke3 $11) 37... Rd8 ({Better is} 37... e5 $1 $15 38. h3 Rd8) 38. e5 $1 $11 {[%cal Re5f6] exf6+ is the strong threat.} fxe5 (38... f5 $11) 39. Nxe5 (39. Ke2 $14) 39... Rd2+ 40. Ke3 Rd1 41. Nf3 Bb7 42. Be2 (42. Bxe6 $16 Bxf3 43. Kxf3) 42... Rb1 43. Bc4 Ne7 (43... Rd1 $1 $11) 44. Nd4 {White stays focused until the end.} Nd5+ (44... Bd5 $16) 45. Kd2 $18 Nb4 $2 (45... Bc8 46. Bd3 (46. Bxd5 exd5 47. Rxd5 Kf6 $16) 46... Rb2+ 47. Kc1 Nf6) 46. Nxe6+ Kf6 47. Nxc7 a5 48. Rxh7 Rb2+ 49. Ke3 Bg2 50. Nb5 Nc2+ 51. Kf4 Nb4 52. Nd6 {Black must now prevent Ne8+.} Rf2+ 53. Kg4 {Threatens to win with Rf7+.} Bf3+ {[#]} 54. Kh3 $1 Kg6 (54... Ke5 $142 55. g4 Bc6) 55. Rf7 Bg2+ 56. Kh4 Bf3 {[%cal Rf2h2]} 57. h3 Nc6 58. Bd5 Ne5 {[#]} 59. Rf4 $1 Kh6 (59... Bxd5 60. Rxf2) 60. Nf7+ {White mates.} Nxf7 61. Rxf7 Bxd5 62. Rxf2 {Weighted Error Value: White=0.41/Black=0.45} 1-0

[Event "Polgar Challenge 2021"]
[Site "Online"]
[Date "2021.04.04"]
[Round "17.6"]
[White "Abdumalik, Zhansaya"]
[Black "Praggnanandhaa R"]
[Result "0-1"]
[WhiteElo "2472"]
[BlackElo "2608"]
[Annotator "TA"]
[PlyCount "98"]
[EventDate "2021.04.08"]
[EventType "tourn"]
[EventCountry "NET"]
[SourceTitle "playchess.com"]
[Source "ChessBase"]
[SourceQuality "1"]

{[%evp 25,98,0,0,-65,-64,-58,-55,-78,-38,-53,-43,-70,-47,-47,-33,-62,-38,-103,-81,-71,-48,-56,-51,-37,-41,-86,-32,-26,-11,-46,-47,-52,-55,-58,-56,-110,-102,-133,-127,-130,-100,-115,-114,-93,-100,-80,-51,-301,-290,-236,-238,-229,-220,-218,-70,-277,-277,-329,-310,-297,-312,-437,-431,-415,-375,-717,-709,-693,-687,-1509,-1834,-29976,-29977,-29983,-29984]} 1. e4 c5 2. Nf3 Nc6 3. d4 cxd4 4. Nxd4 Nf6 5. Nc3 d6 6. Bg5 e6 7. Qd2 a6 8. O-O-O Be7 9. f3 Nxd4 10. Qxd4 O-O 11. Kb1 b5 12. h4 Bb7 13. g4 Rc8 14. h5 {[#] B63: Sicilian: Richter-Rauzer: 7...Be7 and unusual Black 7th moves.} (14. Bd3 $11) 14... Nxe4 $1 $15 15. Nxe4 {h6 is the strong threat.} Bxg5 16. Qxd6 {[#] Black is slightly better.} Bf4 $146 ({Predecessor:} 16... Be7 17. Qxd8 Rfxd8 18. Be2 f5 19. gxf5 exf5 20. Ng3 g6 21. hxg6 hxg6 22. Rdg1 Rc5 {0-1 (42) Sarwat,W (2325)-Sameeh,H (2289) Tanta 2003}) 17. Qxd8 Rfxd8 18. Rxd8+ Rxd8 {[%cal Rd8d1]} 19. Bd3 Rc8 20. Rf1 g6 21. a3 ({Better is} 21. hxg6 $15 hxg6 22. Nf6+ Kg7 23. Be4) 21... Kg7 22. b4 Rc7 23. Nc5 Bc8 24. hxg6 hxg6 25. Kb2 Bd6 (25... Be3 $17 26. Nb3 Kf6) 26. Ne4 Be5+ 27. c3 f5 28. Nc5 Bd6 29. Nb3 Kf6 30. Rh1 (30. Rd1 $15) 30... Bb7 $17 31. Rh3 Bd5 32. Nd4 {intending gxf5.} Be5 33. Ne2 fxg4 34. fxg4 {[#]} Kg5 $1 35. Re3 Bf4 36. Rh3 ({White has to play} 36. Nxf4 $15 Kxf4 37. Re1) 36... e5 $19 (36... Kxg4 37. Nxf4 Kxf4 38. Bxg6 $17) 37. Rh8 e4 (37... Kxg4 38. Bxg6 Kf3 39. Bh5+ Ke3 40. Re8 $17) 38. Rd8 Bb7 (38... exd3 39. Rxd5+ Kxg4 40. Rxd3 $17) 39. Bc2 Be5 ({Don't take} 39... Kxg4 40. Re8 $17) (39... Re7 $19 40. a4 bxa4 41. Bxa4 Kxg4) 40. Rg8 $2 (40. Re8 $15 Kf6 41. Bb3) 40... Re7 ({Don't play} 40... Kxg4 41. Rxg6+ Kf3 42. Nd4+ Ke3 43. a4 $17) 41. a4 Bd5 (41... Kxg4 42. axb5 axb5 43. Rxg6+ Kf3 44. Ng1+ Kf2 45. Nh3+ Ke2 46. Rg2+ Kf3 47. Rg6 $17) 42. Rd8 Bc4 43. Nc1 (43. Bd1 {was worth a try.}) 43... Bf4 44. axb5 axb5 45. Nb3 $2 (45. Rd4 e3 46. Bd3 Bxd3 47. Nxd3) 45... e3 46. Nd4 e2 47. Rf8 Bd5 48. Nxe2 Rxe2 49. Rd8 Be4 {Weighted Error Value: White=0.70/Black=0.10} 0-1

[Event "Polgar Challenge 2021"]
[Site "Online"]
[Date "2021.04.04"]
[Round "17.7"]
[White "Khademalsharieh, Sarasadat"]
[Black "Yip, Carissa"]
[Result "1/2-1/2"]
[WhiteElo "2494"]
[BlackElo "2430"]
[Annotator "ChessBase"]
[PlyCount "92"]
[EventDate "2021.04.08"]
[EventType "tourn"]
[EventCountry "NET"]
[SourceTitle "playchess.com"]
[Source "ChessBase"]
[SourceQuality "1"]
[TimeControl "600+5"]

1. d4 {[%emt 0:00:00]} g6 {[%emt 0:00:00]} 2. c4 {[%emt 0:00:00]} Bg7 {[%emt 0:00:01]} 3. Nf3 {[%emt 0:00:03]} Nf6 {[%emt 0:00:09]} 4. g3 {[%emt 0:00:02]} d5 {[%emt 0:00:04]} 5. Bg2 {[%emt 0:00:08]} O-O {[%emt 0:00:03]} 6. O-O {[%emt 0:00:02]} dxc4 {[%emt 0:00:02]} 7. Na3 {[%emt 0:00:01]} Nc6 {[%emt 0:00:01]} 8. Nxc4 {[%emt 0:00:06]} Be6 {[%emt 0:00:01]} 9. b3 {[%emt 0:01:01]} Bd5 {[%emt 0:00:03]} 10. Bb2 {[%emt 0:00:12]} a5 {[%emt 0:00:02]} 11. a4 {[%emt 0:00:50]} Qc8 {[%emt 0:00:10]} 12. Rc1 {[%emt 0:00:11]} Rd8 {[%emt 0:00:41]} 13. e3 {[%emt 0:00:32]} Ne4 {[%emt 0:00:48]} 14. Qe2 {[%emt 0:00:14]} Qe6 {[%emt 0:00:30]} 15. Ne1 {[%emt 0:01:36]} Ng5 {[%emt 0:02:12]} 16. h4 {[%emt 0:01:51]} Bxg2 {[%emt 0:00:40]} 17. Nxg2 {[%emt 0:00:22]} Ne4 {[%emt 0:00:15]} 18. Nf4 {[%emt 0:00:32]} Qf5 {[%emt 0:00:02]} 19. Kg2 {[%emt 0:00:37]} e5 {[%emt 0:00:50]} 20. g4 {[%emt 0:01:17]} Qf6 {[%emt 0:00:03]} 21. g5 {[%emt 0:00:46]} Qf5 {[%emt 0:00:17]} 22. dxe5 {[%emt 0:00:01]} Nxe5 {[%emt 0:00:03]} 23. Bxe5 {[%emt 0:00:10]} Bxe5 {[%emt 0:00:04]} 24. Nxe5 {[%emt 0:00:01]} Qxe5 {[%emt 0:00:01]} 25. Rc2 {[%emt 0:00:04]} c6 {[%emt 0:01:13]} 26. Rd1 {[%emt 0:00:31]} Nc3 {[%emt 0:00:11]} 27. Rxd8+ {[%emt 0:00:02]} Rxd8 {[%emt 0:00:00]} 28. Qf3 {[%emt 0:00:04]} Ne4 {[%emt 0:00:03]} 29. Rc4 {[%emt 0:00:13]} Nd2 {[%emt 0:00:05]} 30. Qd1 {[%emt 0:00:02]} Rd6 {[%emt 0:00:19]} 31. Rc1 {[%emt 0:00:26]} Qe4+ {[%emt 0:00:24]} 32. Kg3 {[%emt 0:00:02]} Qf5 {[%emt 0:00:26]} 33. Kg2 {[%emt 0:00:11]} f6 {[%emt 0:00:29]} 34. gxf6 {[%emt 0:00:07]} Qxf6 {[%emt 0:00:07]} 35. Qg4 {[%emt 0:00:01]} Nxb3 {[%emt 0:00:17]} 36. Rc2 {[%emt 0:00:14]} Qf5 {[%emt 0:00:13]} 37. Qe2 {[%emt 0:00:01]} Qe4+ {[%emt 0:00:19]} 38. Kg3 {[%emt 0:00:04]} Qxa4 {[%emt 0:00:21]} 39. Qg4 {[%emt 0:00:05]} Rf6 {[%emt 0:00:26]} 40. Qc8+ {[%emt 0:00:07]} Rf8 {[%emt 0:00:01]} 41. Qe6+ {[%emt 0:00:10]} Rf7 {[%emt 0:00:23]} 42. Rc3 {[%emt 0:00:04]} Nd2 {[%emt 0:00:08]} 43. Qe8+ {[%emt 0:00:12]} Rf8 {[%emt 0:00:09]} 44. Qe6+ {[%emt 0:00:02]} Rf7 {[%emt 0:00:12]} 45. Qe8+ {[%emt 0:00:06]} Rf8 {[%emt 0:00:02]} 46. Qe6+ {[%emt 0:00:02]} Rf7 {[%emt 0:00:03]} 1/2-1/2

[Event "Polgar Challenge 2021"]
[Site "Online"]
[Date "2021.04.04"]
[Round "17.8"]
[White "Abdusattorov, Nodirbek"]
[Black "Lei, Tingjie"]
[Result "0-1"]
[WhiteElo "2627"]
[BlackElo "2505"]
[Annotator "TA"]
[PlyCount "96"]
[EventDate "2021.04.08"]
[EventType "tourn"]
[EventCountry "NET"]
[SourceTitle "playchess.com"]
[Source "ChessBase"]
[SourceQuality "1"]

{[%evp 11,96,8,8,0,0,0,0,0,7,13,20,12,6,7,8,13,24,20,24,15,16,12,16,14,13,0,2,0,50,28,19,16,11,21,16,12,12,8,5,21,16,16,19,0,0,0,57,-26,-38,-65,124,137,137,78,88,42,47,55,43,55,116,108,107,0,0,0,0,-518,-450,-450,-450,-558,-552,-549,-542,-1020,-1017,-1014,-1014,-1010,-997,-1008,-986,-985,-935,-813,-768]} 1. e4 e5 2. Nf3 Nc6 3. Bc4 Bc5 4. c3 Nf6 5. d3 d6 6. Bb3 h6 7. Nbd2 {[%cal Bb1d2,Bd2f1,Bf1g3][%mdl 32] C54: Giuoco Piano: 4 c3 Nf6, main lines with 5 d4 and 5 d3.} a5 8. h3 Bd7 9. Nf1 {[#] The position is equal.} Ne7 $146 ({Predecessor:} 9... O-O 10. Ng3 Ne7 11. O-O Ng6 12. d4 Ba7 13. Be3 Re8 14. Re1 Bc6 15. Bc2 exd4 16. Bxd4 {1-0 (35) Perez Gormaz,M (2413)-Cervantes Landeiro,T (2311) chess.com INT 2020}) 10. Ng3 Ng6 11. O-O a4 12. Bc2 O-O 13. d4 Ba7 14. Be3 b5 15. Qd2 Re8 16. Rad1 Qe7 17. Rfe1 Be6 18. b3 axb3 19. axb3 Rad8 20. Ra1 Bb6 21. d5 Bxe3 22. Qxe3 Bd7 23. Ra7 Rc8 24. Bd3 Nf4 25. Bf1 Qf8 26. Rea1 c6 27. Rxd7 {[%mdl 64] Remove Defender} Nxd7 28. dxc6 Rxc6 (28... Nb8 $1 $11) 29. Bxb5 (29. Ra7 $1 $14) 29... Rc7 $11 30. Ra7 {[#]} Rec8 31. Bxd7 $16 Rxc3 32. Qb6 (32. Qd2 $142 Rc2 33. Qa5) 32... Rb8 33. Rb7 Rxb7 34. Qxb7 Qd8 {White must now prevent ...Rc7.} 35. Bc6 Nxh3+ 36. gxh3 Rxf3 37. Kg2 (37. Bd5 $16) 37... Qf6 $11 38. Nf5 Rc3 39. Qe7 $2 {[%mdl 8192]} Qxe7 $19 {Black is clearly winning.} ({Weaker is} 39... Qg6+ 40. Ng3 $14) 40. Nxe7+ Kf8 41. Nd5 Rxc6 {[%mdl 4096] Endgame KR-KN} 42. b4 Rc4 43. Kf3 f5 44. exf5 Rd4 45. Nc7 Rxb4 46. Kg3 Kf7 47. f3 Rf4 48. Nb5 Ke7 {Weighted Error Value: White=0.44/Black=0.13} 0-1

[Event "Polgar Challenge 2021"]
[Site "Online"]
[Date "2021.04.04"]
[Round "17.9"]
[White "Murzin, Volodar"]
[Black "Badelka, Olga"]
[Result "1-0"]
[WhiteElo "2478"]
[BlackElo "2433"]
[Annotator "ChessBase"]
[PlyCount "79"]
[EventDate "2021.04.08"]
[EventType "tourn"]
[EventCountry "NET"]
[SourceTitle "playchess.com"]
[Source "ChessBase"]
[SourceQuality "1"]
[TimeControl "600+5"]

1. e4 {[%emt 0:00:00]} e6 {[%emt 0:00:00]} 2. d4 {[%emt 0:00:00]} d5 {[%emt 0:00:00]} 3. Nc3 {[%emt 0:00:02]} Nf6 {[%emt 0:00:00]} 4. e5 {[%emt 0:00:01]} Nfd7 {[%emt 0:00:00]} 5. Nce2 {[%emt 0:00:01]} c5 {[%emt 0:00:03]} 6. c3 {[%emt 0:00:00]} Nc6 {[%emt 0:00:04]} 7. f4 {[%emt 0:00:04]} Be7 {[%emt 0:00:03]} 8. Nf3 {[%emt 0:00:01]} O-O {[%emt 0:00:03]} 9. g3 {[%emt 0:00:04]} b5 {[%emt 0:00:04]} 10. a3 {[%emt 0:00:03]} a5 {[%emt 0:00:02]} 11. Bg2 {[%emt 0:01:13]} b4 {[%emt 0:00:11]} 12. axb4 {[%emt 0:00:08]} cxb4 {[%emt 0:00:02]} 13. O-O {[%emt 0:00:06]} Nb6 {[%emt 0:01:01]} 14. g4 {[%emt 0:00:39]} bxc3 {[%emt 0:00:20]} 15. bxc3 {[%emt 0:00:03]} Nc4 {[%emt 0:00:25]} 16. Ng3 {[%emt 0:00:43]} f6 {[%emt 0:00:59]} 17. Kh1 {[%emt 0:00:08]} fxe5 {[%emt 0:00:41]} 18. dxe5 {[%emt 0:00:15]} Kh8 {[%emt 0:01:25]} 19. Nd4 {[%emt 0:00:15]} Nxd4 {[%emt 0:01:02]} 20. cxd4 {[%emt 0:00:03]} Bh4 {[%emt 0:00:21]} 21. Ne2 {[%emt 0:00:29]} Be7 {[%emt 0:00:15]} 22. Bh3 {[%emt 0:03:01]} Bd7 {[%emt 0:01:36]} 23. f5 {[%emt 0:00:18]} Bg5 {[%emt 0:00:18]} 24. Qd3 {[%emt 0:00:37]} Bxc1 {[%emt 0:00:41]} 25. Raxc1 {[%emt 0:00:03]} Qg5 {[%emt 0:00:15]} 26. Ng3 {[%emt 0:01:10]} a4 {[%emt 0:00:19]} 27. Ra1 {[%emt 0:01:55]} a3 {[%emt 0:00:02]} 28. Rfe1 {[%emt 0:00:37]} Qh4 {[%emt 0:01:11]} 29. Kg2 {[%emt 0:00:09]} Rab8 {[%emt 0:00:03]} 30. Re2 {[%emt 0:00:04]} Rb2 {[%emt 0:00:22]} 31. Ra2 {[%emt 0:00:12]} Qg5 {[%emt 0:00:08]} 32. Kh1 {[%emt 0:00:07]} Qc1+ {[%emt 0:00:03]} 33. Kg2 {[%emt 0:00:00]} Ne3+ {[%emt 0:00:22]} 34. Kf3 {[%emt 0:00:04]} Nd1 {[%emt 0:00:10]} 35. Qxa3 {[%emt 0:00:05]} Rfb8 {[%emt 0:00:16]} 36. Raxb2 {[%emt 0:00:04]} Nxb2 {[%emt 0:00:01]} 37. f6 {[%emt 0:00:05]} gxf6 {[%emt 0:00:03]} 38. exf6 {[%emt 0:00:01]} Qb1 {[%emt 0:00:12]} 39. Qe7 {[%emt 0:00:10]} Nc4 {[%emt 0:00:04]} 40. Qg7# {[%emt 0:00:02]} 1-0